000
00341nam a22001457a 4500
008
221010b ||||| |||| 00| 0 eng d
020
_a
0803611943
041
_a
eng
080
_2
SECOND EDITION
_a
610.73
082
_a
610.73 FAW
100
_a
9
101
_a
INF
245
_a
CONTEMPORARY NURSING KNOWLEDGE
_c
FAWCETT J
942
_2
udc
_c
BK
999
_c
58426
_d
58426